Veterinárna stomatológia a čeľustná ortopédia malých zvierat

Bibliographic Details
Main Author: Capík, Igor, 1961- (Author)
Format: Book
Language:Slovak
PhysicalDescription:105 s. 29 cm
Published: Košice Univerzita veterinárskeho lekárstva a farmácie 2010
ISBN:9788080771980
Edition:[1. vyd.]
Subjects:

MARC

LEADER 00000nam a2200000 a 4500
001 vtls010263029
003 SK-MaSNL
005 20260301131755.0
008 240315s2010 xo d p 000 0 slo
015 |a SNBA2011/05-02878 
020 |a 9788080771980  |q (brož.) 
035 |a B7806BC9-48DE-475B-8863-79797B0644C7 
035 |a urn:nbn:sk:snk-amjxbm 
035 |a urn:nbn:sk:snk-am0085d0 
040 |a SNK  |b slo  |c SNK  |e AACR2 
041 0 |a slo 
044 |a xo  |c SK 
072 7 |a 636.09  |x Veterinárna medicína  |2 konspekt 
080 |a 636.09:616.314  |2 2001 
080 |a 636.1/.9  |2 2001 
080 |a 616.314-089.23  |2 2001 
080 |a (075.8)  |2 2001 
100 1 |a Capík, Igor,  |d 1961-  |4 aut  |9 197839 
245 1 0 |a Veterinárna stomatológia a čeľustná ortopédia malých zvierat  |c Igor Capík 
250 |a [1. vyd.] 
260 |a Košice  |b Univerzita veterinárskeho lekárstva a farmácie  |c 2010 
300 |a 105 s.  |c 29 cm 
366 |e 300 výt. 
650 0 7 |a veterinárna stomatológia  |2 SNKPH  |9 89593 
650 0 7 |a Veterinary stomatology  |2 SNKPHeng  |9 334778 
650 0 7 |a ortodoncia  |2 SNKPH  |9 19517 
650 0 7 |a Orthodoncy  |2 SNKPHeng  |9 447001 
650 0 7 |a domáce zvieratá  |2 SNKPH  |9 1096 
650 0 7 |a Domestic animals  |2 SNKPHeng  |9 320243 
655 7 |a učebnice vysokých škôl  |2 SNKPH  |9 70191 
655 7 |a Textbooks (higher)  |2 SNKPHeng  |9 276436 
919 |a 978-80-8077-198-0 
968 |d 63 
999 |c 749092  |d 751022 
952 |a SNK  |b SNK  |y PREZ  |7 0  |p 17A0690737  |o snkSB 81094  |i snk2011/5590  |8 0  |0 0  |1 0  |4 0  |d 2011-03-11  |f 1  |l 0  |r 2025-05-05 00:00:00  |w 2026-02-23 
952 |a SNK  |b SNK  |y VYP  |7 0  |p 17A0690736  |o snkSB 81094 D1  |i snk2011/5591  |8 0  |0 0  |1 0  |4 0  |d 2011-03-11  |l 0  |r 2016-06-30 00:00:00  |w 2026-02-23